Malá protizlodějská kuchařka

Rady právnika, aké opatrenia je dobré urobiť, aby sa zamedzilo prípadným stratám duševnej, vedeckej či umeleckej práce. Ako ochrániť logo, ktoré spĺňa atribúty autorského diela, t. j. ide o výsledok tvorivej umeleckej činnosti.

Saved in:
Bibliographic Details
Main Author: Kůta, Petr
Format: Book Chapter
Language:Czech
Subjects:
Tags: Add Tag
No Tags, Be the first to tag this record!

MARC

LEADER 00000naa a2200000 4500
001 0165271
005 20231019100617.6
041 0 |a cze 
044 |a CZ 
245 1 0 |a Malá protizlodějská kuchařka  |c Petr Kůta 
520 |a Rady právnika, aké opatrenia je dobré urobiť, aby sa zamedzilo prípadným stratám duševnej, vedeckej či umeleckej práce. Ako ochrániť logo, ktoré spĺňa atribúty autorského diela, t. j. ide o výsledok tvorivej umeleckej činnosti. 
610 2 0 |a logo 
610 2 0 |a právo autorské 
610 2 0 |a známky ochranné 
610 2 0 |a vlastníctvo duševné 
610 2 0 |a súťaž nekalá 
610 2 0 |a legislatíva 
100 1 |a Kůta, Petr